00458 2200181 4500001002100000005001500021035002000036008004100056245006700097100001500164250000600179260003500185300001200220084001400232082000800246650001000254990001200264INLIS00000000000126520240521020550 a0010-0524000500240521 1 ind 1 aDilan Bagian Kedua; Dia Adalah Dilanku Tahun 1991 /cPidi Baiq aBaiq, Pidi a1 aBandung :bPastel Books,c2016 a344 hlm a813 PID d a813 4aFiksi a0744137